Central Library OPAC University of Rajshahi

Audubon's Wildife / (Record no. 53581)

MARC details
000 -LEADER
fixed length control field 00590nam a2200217 a 4500
001 - CONTROL NUMBER
control field 53581
003 - CONTROL NUMBER IDENTIFIER
rucl marc code BD-RjUL
005 - DATE AND TIME OF LATEST TRANSACTION
control field 20211209080003.0
008 - FIXED-LENGTH DATA ELEMENTS--GENERAL INFORMATION
fixed length control field 161018s1964 nynaf||| b||| 001 0 eng d
020 ## - INTERNATIONAL STANDARD BOOK NUMBER
International Standard Book Number 8171419704
035 ## - SYSTEM CONTROL NUMBER
System control number (BD-RjUL)
040 ## - CATALOGING SOURCE
Original cataloging agency BD-RjUL
Language of cataloging eng
Transcribing agency BD-RjUL
Modifying agency BD-RjUL
041 ## - LANGUAGE CODE
Language code of text/sound track or separate title eng
082 ## - DEWEY DECIMAL CLASSIFICATION NUMBER
Edition number 23
Classification number 591.5
Author mark and year TEA 1964
100 ## - MAIN ENTRY--PERSONAL NAME
Personal name Teale, Edwin Way
9 (RLIN) 160140
245 10 - TITLE STATEMENT
Title Audubon's Wildife /
Statement of responsibility, etc. Wdwin Way Teal
260 ## - PUBLICATION, DISTRIBUTION, ETC. (IMPRINT)
Place of publication, distribution, etc. Newyork :
Name of publisher, distributor, etc. The viking press,
Date of publication, distribution, etc. 1964
300 ## - PHYSICAL DESCRIPTION
Pagination Viii, 256 p. :
Illustrations ill. ;
Size 29 cm.
650 ## - SUBJECT ADDED ENTRY--TOPICAL TERM
Topical term or geographic name as entry element Psysiology
9 (RLIN) 159171
Form subdivision Animal
942 ## - ADDED ENTRY ELEMENTS (KOHA)
Source of classification or shelving scheme Dewey Decimal Classification
Koha item type Books
Holdings
Lost status Source of classification or shelving scheme Damaged status Not for loan Collection code Permanent Location Current Location Shelving location Date acquired Source of acquisition Total Checkouts Full call number Date last seen Copy number Koha item type
  Dewey Decimal Classification   Not For Loan Non-fiction Central Library, University of Rajshahi Central Library, University of Rajshahi Reading Room 02/06/1966 Asia Foundation san Francisco. California. U:S.A.   591.5 TEA 1964 01/12/2018 C-1 Books